Cuba: desafíos de una Psicología transformadora /
Gorde:
| Egile nagusia: | |
|---|---|
| Formatua: | Texto |
| Hizkuntza: | Spanish |
| Argitaratua: |
San José :
Editorial UCR
|
| Etiketak: |
Etiketa erantsi
Etiketarik gabe, Izan zaitez lehena erregistro honi etiketa jartzen!
|
MARC
| LEADER | 00000 a a2200000 04500 | ||
|---|---|---|---|
| 001 | 35844 | ||
| 003 | cru CIDCACS/IIS | ||
| 005 | 20170519155131.0 | ||
| 008 | 170512b xxu||||| |||| 00| 0 spa d | ||
| 020 | |a 978-9968-46-034-7 | ||
| 022 | |a 978-9968-46-034-7 | ||
| 040 | |c CIDCACS/IIS | ||
| 090 | |a PS05.01.01 D633p | ||
| 100 | 1 | |a Solé, María Elena |9 4851 | |
| 245 | |a Cuba: |b desafíos de una Psicología transformadora / |c Solé, María Elena | ||
| 260 | |a San José : |b Editorial UCR | ||
| 300 | |a Páginas 367-375 | ||
| 773 | 0 | |0 166 |9 816 |a Dobles Oropeza, Ignacio |d San José: Editorial UCR |o 03436 |t Psicología de la liberación en le contexto de la globalización neoliberal: |w (cru CIDCACS/IIS)35869 |x 978-9968-46-034-7 |z 978-9968-46-034-7 | |
| 942 | |2 ddc |c LI | ||
| 999 | |c 19363 |d 19363 | ||



